000 01116naa a22003257a 4500
001 BR8103163
003 BR-BrBNA
005 20240918174736.0
007 ta
008 230509b bl.||||| |||| 00| 0 por d
040 _aBR-BrBNA
_bpor
_cBiblioteca Nacional de Agricultura
041 _a(Pt)
072 _aF50
_b1720
_bG514
090 _aF50 BR8103163
100 1 _aSousa, R.J. de
100 1 _aSaturnino, H.M.
100 1 _aMascarenhas, M.H.T.
100 1 _aLara, J.F.R.
245 1 _aCaracteres morfologicos de 17 cultivares de alho (Allium sativum L.)Prudente de Morais, Minas Gerais, 1978 [Brasil]
260 3 _aBelo Horizonte, MG (Brasil):
_c1981.
500 _aProjeto olericultura. Relatorio 77/78 Belo Horizonte, MG (Brasil): 1981. p. 29-33 (BR8103163-AM)F50
650 _aEstrutura vegetal
650 _aAlho
650 _aAnatomia vegetal
650 _aMorfologia vegetal
650 _aPrudente de Morais
773 0 _tProjeto olericultura. Relatorio 77/78
_wF50 BR8103163
_gBelo Horizonte, MG (Brasil), 1981. p. 29-33
909 _a202404
_bLucia
_c55
_dLucia Elande
942 _cAM
_2AGRIS
999 _c313268
_d313268